Sn̕tesis y comentarios de las NIF

Detalles Bibliográficos
Autor principal: Barbosa Da̕z, Marco Antonio
Formato: eBook
Lenguaje:español
Publicado: Mx̌ico D.F. : Instituto Mexicano de Contadores Pb︢licos, 2012
Materias:
Acceso en línea:http://www.vlex.com/source/7131

MARC

LEADER 00000nam a22000007a 4500
005 20130225181642.0
007 cr|||| ||||
008 130225e2012 mx |||||s|||| 00||0 spa d
020 |a 978-607-76212-87 
035 |a 7131 
040 |a vLex 
090 |c 3758  |d 3758 
100 1 0 |a Barbosa Da̕z, Marco Antonio  
245 1 0 |a Sn̕tesis y comentarios de las NIF  |h [Recurso electrn̤ico] 
256 |a Acceso restringido 
260 |a Mx̌ico D.F. :  |b Instituto Mexicano de Contadores Pb︢licos,   |c 2012  
300 |a 1 Recurso electrn̤ico 
650 0 4 |a Derecho tributario 
740 |a vLex Libros (Servicio en ln̕ea) 
856 |a Acceso restringido  |u http://www.vlex.com/source/7131 
942 |c BOOK 
999 0 |a Taxation